书目信息 |
| 题名: |
内燃机计算燃烧学
|
|
| 作者: | 解茂昭 , 贾明 著 | |
| 分册: | ||
| 出版信息: | 北京 科学出版社 2016.12 |
|
| 页数: | 479页 | |
| 开本: | 25cm | |
| 丛书名: | ||
| 单 册: | ||
| 中图分类: | TK402 | |
| 科图分类: | ||
| 主题词: | 内燃机--燃烧过程--数值计算 | |
| 电子资源: | ||
| ISBN: | 978-7-03-051082-2 | |
| 000 | 01093nam0 2200265 450 | |
| 001 | 0120172109443 | |
| 005 | 20170502101941.85 | |
| 010 | @a978-7-03-051082-2@b精装@dCNY180.00 | |
| 100 | @a20170207d2016 em y0chiy50 ea | |
| 101 | 0 | @achi |
| 102 | @aCN@b110000 | |
| 105 | @aa z 000yy | |
| 106 | @ar | |
| 200 | 1 | @a内燃机计算燃烧学@9nei ran ji ji suan ran shao xue@f解茂昭,贾明著 |
| 205 | @a3版 | |
| 210 | @a北京@c科学出版社@d2016.12 | |
| 215 | @a479页@c图@d25cm | |
| 330 | @a本书系统地介绍内燃机计算燃烧学这一新兴学科的结构体系及其基本理论、模型和方法。全书分为8章,除基础知识外,分别论述内燃机燃烧过程的几个基本子模型,即缸内湍流流动模型、燃油喷雾模型、燃烧模型、缸内传热模型、化学反应动力学模型以及排放模型;最后两章专门介绍相关的数值计算方法和当今常用内燃机CFD软件的计算模型及应用策略。 | |
| 333 | @a本书可作为内燃机、工程热物理、热能、化工等专业硕士和博士研究生 | |
| 606 | 0 | @a内燃机@x燃烧过程@x数值计算 |
| 690 | @aTK402@v5 | |
| 701 | 0 | @a解茂昭@9jie mao zhao@4著 |
| 701 | 0 | @a贾明@9jia ming@4著 |
| 801 | 0 | @aCN@b人天书店@c20170207 |
| 905 | @b989453-55@dTK402@e167=3@f3 | |
| 内燃机计算燃烧学/解茂昭,贾明著.-3版.-北京:科学出版社,2016.12 |
| 479页:图;25cm |
| 使用对象:本书可作为内燃机、工程热物理、热能、化工等专业硕士和博士研究生 |
| ISBN 978-7-03-051082-2(精装):CNY180.00 |
| 本书系统地介绍内燃机计算燃烧学这一新兴学科的结构体系及其基本理论、模型和方法。全书分为8章,除基础知识外,分别论述内燃机燃烧过程的几个基本子模型,即缸内湍流流动模型、燃油喷雾模型、燃烧模型、缸内传热模型、化学反应动力学模型以及排放模型;最后两章专门介绍相关的数值计算方法和当今常用内燃机CFD软件的计算模型及应用策略。 |
| ● |
| 相关链接 |
|
|
|
|
正题名:内燃机计算燃烧学
索取号:TK402/167=3
 
预约/预借
| 序号 | 登录号 | 条形码 | 馆藏地/架位号 | 状态 | 备注 |
| 1 | 989453 | 209894532 | 第二样本阅览室/ [索取号:TK402/167=3] | 在馆 | |
| 2 | 989454 | 209894541 | 第三借阅区/ [索取号:TK402/167=3] | 在馆 | |
| 3 | 989455 | 209894550 | 密集书库-物理学院/ [索取号:TK402/167=3] | 在馆 |